A harcos kezdetekre is emlékezni kell! áprilisban ünneplik a Szlovákiai Magyar Szülők Szövetsége alakulásának tizedik évfordulóját

Bibliographic Details
Main Author: Száz, Ildikó, 1970- (Author)
Format: Article
Language:Hungarian
PhysicalDescription:Fotogr.
Subjects:

MARC

LEADER 00000nab a2200000 ar4500
001 vtls008901691
003 SK-MaSNL
005 20260319071404.0
008 061122c20061116xo |||||||| 000 b|hun
015 |a SNBRB2006/11  |2 snkbucl 
038 |a SNKBUCL 
040 |a DSZK  |b slo  |c DSZK  |e AACR2 
041 0 |a hun 
044 |a xo  |c SK 
080 |a 37.014.64  |x (=511.141)  |x (437.6)  |2 1997 
080 |a 061.3  |2 1997 
100 1 |a Száz, Ildikó,  |d 1970-   |4 aut  |9 103403 
245 1 0 |a A harcos kezdetekre is emlékezni kell!  |b áprilisban ünneplik a Szlovákiai Magyar Szülők Szövetsége alakulásának tizedik évfordulóját  |c Száz Ildikó 
300 |b Fotogr. 
610 2 7 |a Združenie maďarských rodičov na Slovensku  |b Snem  |y 2006  |2 snkbucl  |9 1070138 
651 7 |a Nové Zámky (Slovensko)  |2 snkbucl  |9 15884 
773 0 |t Új szó  |g Évf. 59, sz. 264 (16.11.2006) 
773 0 8 |i Príl.:  |t Iskola utca  |g Évf. 3, sz. 40 (2006), o. 15 
852 |a SNK  |b KIS3GCP 
852 |a DSZK  |b KIS3GCP 
958 |a HU 
958 |a SK 
999 |c 1759926  |d 1761856